Engineering optimization : (Record no. 133330)

MARC details
000 -LEADER
fixed length control field 00779nam a22002417a 4500
005 - DATE AND TIME OF LATEST TRANSACTION
control field 20170124110207.0
010 ## - LIBRARY OF CONGRESS CONTROL NUMBER
LC control number B-083046
020 ## - INTERNATIONAL STANDARD BOOK NUMBER
Terms of availability 00.00
International Standard Book Number 8122411495
035 ## - SYSTEM CONTROL NUMBER
System control number B-083046
037 ## - SOURCE OF ACQUISITION
Source of stock number/acquisition Cen Lib/Ret
040 ## - CATALOGING SOURCE
Original cataloging agency DPL
Language of cataloging EN
082 ## - DEWEY DECIMAL CLASSIFICATION NUMBER
Classification number 629.8312
Item number RAO
100 ## - MAIN ENTRY--PERSONAL NAME
Personal name Roa, Singiresu S.
9 (RLIN) 37624
245 ## - TITLE STATEMENT
Title Engineering optimization :
Statement of responsibility, etc by Singiresu S. Rao
Remainder of title theory and practice /
250 ## - EDITION STATEMENT
Edition statement 3rd ed
260 ## - PUBLICATION, DISTRIBUTION, ETC. (IMPRINT)
Place of publication, distribution, etc New Delhi
Name of publisher, distributor, etc New Age International Publishers
Date of publication, distribution, etc 2003
270 ## - ADDRESS
Address 4835/24, Ansari Road, Dariya Ganj
City New Delhi
Postal code 110002
300 ## - PHYSICAL DESCRIPTION
Extent xxii, 903p.
Dimensions 21cm(Hb)
500 ## - GENERAL NOTE
General note Includes appendix and index
650 ## - SUBJECT ADDED ENTRY--TOPICAL TERM
Topical term or geographic name as entry element Mathematical optimization
9 (RLIN) 92397
650 ## - SUBJECT ADDED ENTRY--TOPICAL TERM
Topical term or geographic name as entry element Engineering design
9 (RLIN) 34005
942 ## - ADDED ENTRY ELEMENTS (KOHA)
Source of classification or shelving scheme Dewey Decimal Classification
Koha item type English Books
Classification part 629.8312
Call number suffix RAO
Holdings
Withdrawn status Lost status Damaged status Not for loan Home library Current library Date acquired Source of acquisition Cost, normal purchase price Total Checkouts Total Renewals Full call number Barcode Date last seen Date checked out Copy number Cost, replacement price Price effective from Koha item type
        Central Library Central Library 25/07/2015 Cen Lib/Ret 0.00 1 1 629.8312 RAO B-083046 24/02/2023 25/01/2023 1 0.00 25/07/2015 English Books

© Delhi Public Library
Hit Counter
free hit counter